Beastie Boys - Sabotage lyrics - Statistics

General Stats
  • This quiz has been taken 130 times
  • The average score is 157 of 229
Answer Stats
% Correct
I
99%
it
99%
can
97%
can't
97%
yo
97%
a
95%
stand
95%
you
95%
sabotage
94%
know
92%
I'm
88%
it's
87%
planned
85%
this
85%
in
81%
listen
79%
Listen
79%
my
79%
up
79%
straight
78%
y'all
78%
no
77%
set
76%
Watergate
76%
all
74%
so
74%
So
74%
your
72%
tell
71%
I'm-a
70%
of
70%
to
70%
not
69%
ball
67%
Cause
67%
cause
67%
clear
67%
crystal
67%
the
67%
ain't
66%
mirage
66%
But
65%
Oh
65%
side
65%
and
64%
And
64%
nothin'
63%
tellin'
63%
when
62%
got
60%
say
60%
thorn
60%
god
59%
why
58%
Why
58%
here
56%
on
56%
button
55%
fuckin'
55%
be
53%
push
53%
what
53%
What
53%
now
52%
with
52%
get
49%
gone
49%
wonder
49%
out
48%
sit
48%
back
47%
down
44%
see
42%
face
41%
rockin'
41%
rockin
41%
me
40%
keep
38%
thing
38%
you're
37%
You're
37%
we
36%
shut
35%
while
34%
I'll
33%
might
33%
off
33%
trying
33%
don't
31%
handle
31%
place
31%
Because
30%
because
30%
fly
30%
that's
29%
channel
28%
Scheming
28%
scheming
28%
switch
28%
could
27%
disgrace
27%
make
26%
bet
24%
feel
22%
are
21%
yet
21%
You'll
21%
Rich
20%
(Our
19%
against
16%
backs
16%
souped
16%
wall)
16%
Buddy
15%
mistakes
15%
No matching quizzes found
Score Distribution
Percent of People with Each Score
Percentile by Number Answered
Your Score History
You have not taken this quiz